000 00626cam a2200181 4500500
005 20260329001453.0
041 _afre
042 _adc
100 1 0 _aLegros, Martin
_eauthor
245 0 0 _aAndré Comte-Sponville : « La campagne a fait éclater l’équilibre de la gauche et de la droite »
260 _c2007.
500 _a19
690 _aAndré Comte-Sponville
690 _aÉlection
690 _aPrésidentielle
786 0 _nPhilosophie magazine | 10 | 6 | 2007-06-01 | p. 6-7 | 1951-1787
856 4 1 _uhttps://shs.cairn.info/magazine-philosophie-magazine-2007-6-page-6?lang=fr&redirect-ssocas=7080
999 _c1805707
_d1805707